[Event "Uljanovsk op"]
[Site "Uljanovsk"]
[Date "2009.08.30"]
[Round "9"]
[White "Nikonova, Irina"]
[Black "Demanov, Anatoliy"]
[Result "1/2-1/2"]
[WhiteElo "2006"]
[BlackElo "1996"]
[PlyCount "81"]
[EventDate "2009.08.26"]
[EventType "swiss"]
[EventRounds "9"]
[EventCountry "RUS"]
[SourceTitle "CBM 132 Extra"]
[Source "ChessBase"]
[SourceDate "2009.11.03"]
[SourceVersion "1"]
[SourceVersionDate "2009.11.03"]
[SourceQuality "1"]

1. d4 e6 2. e4 d5 3. exd5 exd5 4. Bd3 Nf6 5. Bg5 Be7 6. Ne2 Ne4 7. Bxe7 Qxe7 8. 0-0 0-0 9. Nbc3 c6 10. Re1 f5 11. f3 Nd6 12. Nf4 Qh4 13. Qd2 Na6 14. Re5 Bd7 15. Rae1 Nb4 16. Bf1 Nxc2 17. Rc1 Nb4 18. a3 Na6 19. g3 Qg5 20. b3 Nf7 21. Re3 Rae8 22. Rce1 Nc7 23. Nd1 Rxe3 24. Rxe3 Qf6 25. Ne2 Ne6 26. f4 Nd6 27. Qb4 Nb5 28. Re5 g5 29. a4 a5 30. Qd2 Nd6 31. Qxa5 gxf4 32. gxf4 Qh4 33. Qd2 Ne4 34. Qe3 Rf6 35. Nf2 Be8 36. Nxe4 dxe4 37. Qf2 Qh6 38. Ng3 Bg6 39. Bc4 Kf7 40. b4 Kf8 41. Qa2 1/2-1/2

[Event "Uljanovsk op"]
[Site "Uljanovsk"]
[Date "2009.08.26"]
[Round "3"]
[White "Demanov, Anatoliy"]
[Black "Anikin, Victor"]
[Result "1-0"]
[WhiteElo "1996"]
[BlackElo "1880"]
[PlyCount "91"]
[EventDate "2009.08.26"]
[EventType "swiss"]
[EventRounds "9"]
[EventCountry "RUS"]
[SourceTitle "CBM 132 Extra"]
[Source "ChessBase"]
[SourceDate "2009.11.03"]
[SourceVersion "1"]
[SourceVersionDate "2009.11.03"]
[SourceQuality "1"]

1. d4 d5 2. c4 e6 3. Nc3 b6 4. Nf3 Bb7 5. cxd5 exd5 6. Bf4 Bd6 7. Bg5 f6 8. Bd2 a6 9. e3 Nd7 10. Bd3 Ne7 11. Nh4 g6 12. 0-0 c5 13. Nf3 c4 14. Bc2 f5 15. Ng5 h6 16. Ne6 Qb8 17. g3 Kf7 18. Nf4 Nf6 19. b3 b5 20. bxc4 dxc4 21. f3 b4 22. Na4 Qc7 23. e4 Bxf4 24. Bxf4 Qd8 25. Nc5 Bc8 26. Qd2 a5 27. Rae1 g5 28. Be5 Rf8 29. f4 g4 30. Qe3 Nd7 31. d5 Nxc5 32. Qxc5 Ba6 33. d6 Qc8 34. Qe3 Ng8 35. exf5 Qd7 36. Be4 Bb7 37. Qc5 Rfc8 38. Bd5+ Kf8 39. Qd4 Bxd5 40. Qxd5 c3 41. Bd4 Ra6 42. Re6 c2 43. Rg6 Qf7 44. Bg7+ Qxg7 45. Rxg7 Kxg7 46. Qb7+ 1-0

[Event "Uljanovsk op"]
[Site "Uljanovsk"]
[Date "2009.08.26"]
[Round "2"]
[White "Makarov, Denis"]
[Black "Demanov, Anatoliy"]
[Result "0-1"]
[WhiteElo "1759"]
[BlackElo "1996"]
[PlyCount "90"]
[EventDate "2009.08.26"]
[EventType "swiss"]
[EventRounds "9"]
[EventCountry "RUS"]
[SourceTitle "CBM 132 Extra"]
[Source "ChessBase"]
[SourceDate "2009.11.03"]
[SourceVersion "1"]
[SourceVersionDate "2009.11.03"]
[SourceQuality "1"]

1. e4 c6 2. d4 d5 3. e5 Bf5 4. h4 Nd7 5. g4 Be6 6. f4 Nb6 7. Nd2 Qc7 8. Nb3 Nh6 9. f5 Bc8 10. Bxh6 gxh6 11. Qf3 e6 12. f6 c5 13. Bb5+ Bd7 14. Bxd7+ Nxd7 15. c3 cxd4 16. cxd4 Bb4+ 17. Kf2 Qb6 18. Rc1 Nxe5 19. Qe2 Nd7 20. Kf1 Nxf6 21. Qe5 Ke7 22. g5 Nd7 23. Rc7 Rhg8 24. Qf6+ Ke8 25. Rxd7 Kxd7 26. Qxf7+ Be7 27. Nc5+ Qxc5 28. dxc5 Rgf8 29. Qxf8 Rxf8+ 30. Ke2 Bxc5 31. Nf3 Kd6 32. gxh6 e5 33. Rf1 e4 34. Ng5 Rxf1 35. Kxf1 Be3 36. Ke2 Bf4 37. Nxh7 Bxh6 38. Nf6 Ke6 39. Ng4 Bc1 40. b3 Kf5 41. Nf2 d4 42. h5 Bh6 43. Nh3 Be3 44. a4 a5 45. h6 Kg6 0-1